| 000 | 00908nam a2200265Ia 4500 | ||
|---|---|---|---|
| 005 | 20220801143546.0 | ||
| 008 | 140110s9999 xx 000 0 und d | ||
| 020 |
_a9781405181204 _cRs.2468.00 |
||
| 040 | _aLoreto College | ||
| 041 | _aEnglish | ||
| 082 |
_a821.108 _bTRE |
||
| 245 |
_aOld and Middle English, c.890-c.1450 _bAn anthology _cEdited by Elaine Treharne |
||
| 250 | _a3rd ed. | ||
| 260 |
_aChichester, West Sussex, UK _bWiley-Blackwell _c2010 |
||
| 300 | _a854p. | ||
| 440 | _aBlackwell Anthologies | ||
| 504 | _aIncludes bibliographical references and index | ||
| 630 | _aEnglish literature-Middle English,1100-1500 | ||
| 630 | _aEnglish literature-Middle English-Modernized versions | ||
| 650 | _aEnglish literature-Old English-Modernized versions | ||
| 651 | _aEnglish literature-Old English,ca.450-1100 | ||
| 700 |
_aTreharne,Elaine _4ed. |
||
| 850 |
_aLCLIB _bPG |
||
| 942 | _cBK | ||
| 999 |
_c37006 _d87485 |
||